| Tag |
First Indicator |
Second Indicator |
Subfields |
| LEADER |
00000cam a2200000 4500 |
| 001 |
in00000033931 |
| 005 |
20151007063348.0 |
| 008 |
750217s1914 enkcfh 00010 eng u |
| 010 |
|
|
|a 14017637
|
| 035 |
|
|
|a (OCoLC)01178373
|
| 035 |
|
|
|9 AAD7221AM
|
| 040 |
|
|
|c HEI
|d TXA
|d UtOrBLW
|
| 049 |
|
|
|a TXAM
|c [156186]
|
| 050 |
|
0 |
|a DA536.B5
|b A15
|
| 092 |
|
|
|a 826
|b B534b
|
| 100 |
1 |
|
|a Berry, Mary,
|d 1763-1852.
|
| 245 |
1 |
4 |
|a The Berry papers ;
|b being the correspondence hitherto unpublished of Mary and Agnes Berry (1763-1852) /
|c By Lewis Melville [pseudonym].
|
| 264 |
|
1 |
|a London :
|b John Lane;
|a New York :
|b John Lane company; [etc.,etc.],
|c 1914.
|
| 300 |
|
|
|a xviii, 448 pages :
|b frontispiece, plates, portraits, facsimiles ;
|c 23 cm.
|
| 336 |
|
|
|a text
|b txt
|2 rdacontent
|
| 337 |
|
|
|a unmediated
|b n
|2 rdamedia
|
| 338 |
|
|
|a volume
|b nc
|2 rdacarrier
|
| 651 |
|
0 |
|a England
|x Social life and customs.
|
| 651 |
|
0 |
|a Europe
|x Social life and customs.
|
| 700 |
1 |
|
|a Berry, Agnes,
|d 1764-1852.
|
| 700 |
1 |
|
|a Benjamin, Lewis Saul,
|d 1874-1932.
|
| 999 |
|
|
|a MARS
|
| 999 |
f |
f |
|s ae729029-a5ba-32b6-9506-a004ea45e4aa
|i 906ceb4d-394a-341b-8dda-8e01a77d554d
|t 0
|
| 952 |
f |
f |
|p ric
|a Texas A&M University
|b Rellis Campus
|c Joint Library Facility
|d Remote Storage
|t 0
|e DA536.B5 A15
|h Library of Congress classification
|i unmediated -- volume
|m A14801341456
|
| 998 |
f |
f |
|a DA536.B5 A15
|t 0
|l Remote Storage
|